| 000 | 00741nam a2200265Ia 4500 | ||
|---|---|---|---|
| 003 | OSt | ||
| 005 | 20221007111815.0 | ||
| 006 | a|||||r|||| 00| 0 | ||
| 007 | ta | ||
| 008 | 221006b |||||||| |||| 00| 0 eng d | ||
| 020 | _a8189479318 | ||
| 024 | _a24,337 | ||
| 037 | _cTextual | ||
| 040 |
_aLCO _cLCO _beng |
||
| 041 |
_2eng _aeng |
||
| 082 | _aY5927:(Z2), P8 | ||
| 100 |
_aHuman Rights Law Network _9402706 |
||
| 245 | 0 | _aUntouchability on Trial | |
| 260 |
_aNew _bDelhi Human Rights Law Network India _c2008 |
||
| 300 | _a156 | ||
| 500 | _aIndian People's Tribunal on Untouchability | ||
| 650 | _aUNTOUCHABILITY | ||
| 942 |
_hY5927:(Z2), P8 _cTEXL |
||
| 999 |
_c1193900 _d1193900 |
||